000
00253nam a22001097a 4500
008
230704b xxu||||| |||| 00| 0 eng d
082
_a
362.7
_b
UNI 2002
245
_a
A World Fit for Children
260
_b
UNICEF
_c
2002
300
_a
108p
942
_2
ddc
_c
BK
999
_c
3768
_d
3768